Ulusların pazarlanması (Record no. 10413)

MARC details
000 -BAŞLIK
Sabit Uzunlukta Kontrol Alanı 01090na a2200301 4500
001 - KONTROL NUMARASI
Denetim Alanı 23741
003 - KONTROL NUMARASI IDENTIFIER
Denetim Alanı MIRAKIL
005 - SON İŞLEM TARİHİ VE ZAMANI
Denetim Alanı 20181213155321.0
008 - SABİT-BOY VERİ ELEMANLARI - GENEL BİLGİLER
Sabit Uzunlukta Kontrol Alanı 180103b tu 000 0
020 ## - ULUSLARARASI STANDART KİTAP NUMARASI
Uluslararası Standart Kitap Numarası 9754582459
040 ## - KATALOGLAMA KAYNAK
Orijinal Kataloglama Ajansı Milas
Kataloglama Dili tur
Metne Dönüştürmek Ajansı TR-AnCHP
041 ## - DİL KODU
Metin / Ses Parça Veya Ayrı Başlığın Dil Kodu tur
082 ## - DEWEY ONLU SINIFLANDIRMA NUMARASI
Sınıflandırma Numarası 650
Ürün Numarası K67u 2000
090 ## - SINIFLAMA NUMARASI
Sınıflama Numarası 650 K67u 2000
100 ## - ANA GİRİŞ - KİŞİSEL İSİM
Kişisel Ad Kotler, Philip
245 ## - BAŞLIK TABLOSU
Başlık Ulusların pazarlanması
Başlığın Kalan Ulusların refahı oluşturmada stratejik bir yaklaşım
Sorumluluk Tablosu, Vb Philip Kotler, Somkid Jatusripitak, Suvit Maesincee ; çeviren Ahmet Buğdaycı
246 ## - UNVAN FORM VARYING
Başlık Doğru / Kısa Başlığı Ulusların refahı oluşturmada stratejik bir yaklaşım
260 ## - YAYIN, DAĞITIM, VB
Yayın, Dağıtım, Vb Yeri İstanbul
Yayıncı, Dağıtıcı, Vs Adı Türkiye İş Bankası Kültür Yayınları
Yayın, Dağıtım, Vb Tarihi 2000
300 ## - FİZİKSEL TANIM
Kapsam 413 s.
Diğer Fiziksel Ayrıntıları tbl.
Boyutlar 23 sm.
440 ## - SERİSİ TABLOSU / KATMA GİRİŞİ - BAŞLIK
Başlık Türkiye İş Bankası Kültür Yayınları
Hacim / Ardışık Tanımı Genel yayın: 489
490 ## - SERİSİ TABLOSU
Seri Beyanı sosyal felsefi dizi
Hacim / Ardışık Tanımı 55
650 ## - KONU KATMA GİRİŞ - TOPİKAL DÖNEM
Topikal Süreli Veya Coğrafi Ad Giriş Elemanı Stratejik planlama
Genel Alt Bölümü Ekonomi
700 ## - KATMA GİRİŞ - KİŞİSEL İSİM
Kişisel Ad Buğdaycı, Ahmet
Relator Terim çev.
700 ## - KATMA GİRİŞ - KİŞİSEL İSİM
Kişisel Ad Maesincee, Suvit
700 ## - KATMA GİRİŞ - KİŞİSEL İSİM
Kişisel Ad Jatusripitak, Somkid
740 ## - KATMA GİRİŞ - KONTROLSUZ İLGİLİ / ANALİTİK BAŞLIK
Kontrol Edilmeyen / İlgili Analitik Başlıktaki Ulusların refahı oluşturmada stratejik bir yaklaşım
942 ## - EKLENDİ GİRİŞ ELEMANLARI (KOHA)
Sınıflandırma Veya Raf Düzeni Kaynak Dewey Decimal Classification
Koha Öğesi Türü Books
999 ## - SİSTEM KONTROL NUMARALARI (KOHA)
Koha Biblionumber 10413
Koha Biblioitemnumber 10413
Holdings
Kalıcı Konum Mevcut Konum Edinme Tarihi Edinim Kaynak Toplam Check-Out'Lar Tam Çağrı Numarası Barkod Tarih Son Görülme İtibaren Geçerli Fiyatlar Koha Öğesi Türü
CHP Kütüphanesi CHP Kütüphanesi 12/19/2017 Bağış   650 K67u 2000 017736 12/19/2017 12/19/2017 Books